00762nam a2200229 a 450000100060000000300080000600500170001400800410003103500190007204000270009104100080011808200220012610000340014824501030018226000580028530000240034350400490036765000250041665000220044165000290046385600400049260561BD-RjUL20211209080846.0170101t19681932nyu b 001 0 eng  a(BD-RjUL)60685 aDLCcDLCdBD-RjULbeng aeng00a382223bYNM 19681 aYntema, Theodore Otte,d1900-12aA mathematical reformulation of the general theory of international trade /cTheodore Otte Yntema. aNew York :bGreenwood Press,c1932 [Reprinting 1968]. axii, 120 p.c23 cm. aIncludes index and Bibliography: p. 114-115. 0aInternational trade. 0aBalance of trade. 0aEconomics, Mathematical. uMaterials for the study of business